000 00584nam a22001817a 4500
003 UA-OsUOA
001 20148
007 ta
008 20041027b un ||||| |||| 00| 0 ukr d
100 _aКраля В.
942 _cSA
040 _aUA-OsUOA
_cUA-OsUOA
_dUA-OsUOA
245 _aУ тісній співпраці [працює Корец. район. центр зайнятості з роботодавцями]
300 _aС.7
955 _a0
773 0 _w0
_tВісті Кореччини
_dКорець
_d2004
_g№77/78/25 верес./
650 7 _aЗайнятість
_2UDC
999 _c306321
_d306321